| 000 | 00959nam a2200241 a 4500 | ||
|---|---|---|---|
| 001 | 40330 | ||
| 003 | BD-RjUL | ||
| 005 | 20211209053208.0 | ||
| 008 | 160428s1968 bg ||||| |||| 00| 0 ben d | ||
| 020 | _c: PRs.4.00 | ||
| 035 | _a(BD-RjUL)40445 | ||
| 040 |
_aBD-RjUL _bben _cBD-RjUL |
||
| 041 | _aben | ||
| 082 |
_223 _a891.4409 _bKOB 1968 |
||
| 245 |
_aকবি মোজাম্মেল হক ও ফেরদৌসী-চরিত / _cগোলাম সাকলায়েন, সম্পাদিত |
||
| 250 | _a১ম সং- | ||
| 260 |
_aঢাকা : _bনওরোজ কিতাবিস্তান, _c১৯৬৮ |
||
| 300 |
_a১৩১ পৃ. ; _c২১ সেমি. |
||
| 650 |
_aবাংলা সাহিত্য _vইতিহাস ও সমালোচনা _9117445 |
||
| 650 |
_aBengali literature _vHistory and Criticism _9123445 |
||
| 700 |
_aসাকলায়েন, গোলাম _9116893 |
||
| 942 |
_2ddc _cBK |
||
| 999 |
_c40330 _d40330 |
||